00644 2200241 4500001002100000005001700021008004100038020002200079035002400101041000800125043001300133082001000146090002100156100002200177245007400199250001000273260003100283300001800314650002000332700001100352850001200363990002700375YOGYA-0711000000040520110711075016.0 ind  a978-979-21-2931-1 0010-071100000000405 aInd aYOPD DIY a242.2 aDEP 242.2bPad M aR.P.S Padmobusono aMenyertai Bunda Maria Menekesuri Jalan Salib YesuscR.P.S Padmobusono aCet 1 aYogyakartabKanisiusc2011 a55 hlmc18 cm aDoa ( Kristen ) aErdian aYOPDYOG aCB - D.11 - 2011 - 420